01196ntaaa2200325 45000030003000000050017000030080021000200200015000410400037000561000026000932450132001192600042002513000022002935000040003155000041003555050053003965050035004495050032004845050036005165050038005525050054005905050029006445050033006735050024007065050035007305050030007656500013007956510019008087000043008270120251027203355.00714s1973 ag 01  a0687230675 aAR-BaBNbspacAR-BaBNeaacrdRIC aGonzález, Justo L.  aMañana : bchristian theology from a hispanic perspective / cJusto L. González, con introducción de Virgilio P. Elizondo aNashville : bAbingdon Press, cc1990 a184 p. ; c23 cm. aDonación de Pablo A. Deiros, 2022 aIncluye referencias bibliográficas t1. La importancia de una perspectiva minoritaria t2. ¿Quiénes somos nosotros? t3. El contexto más amplio t4. Hispanos en la Nueva Reforma t5. Leyendo la Biblia en español t6. Que los dioses muertos entierren a sus muertos t7. El que vive como tres t8. Creador de cielo y tierra t9. Sobre ser humano t10. Y la palabra se hizo carne t11. Vida en el Espíritu aTEOLOGIA aAMERICA LATINA aElizondo, Virgilio P. eintroducción